<?xml version="1.0" encoding="UTF-8"?>
<collection xmlns="http://www.loc.gov/MARC21/slim">
<record>
  <controlfield tag="001">170234</controlfield>
  <controlfield tag="005">20260407115449.0</controlfield>
  <datafield tag="024" ind1="7" ind2=" ">
    <subfield code="2">doi</subfield>
    <subfield code="a">10.1038/s41467-026-69257-8</subfield>
  </datafield>
  <datafield tag="024" ind1="8" ind2=" ">
    <subfield code="2">sideral</subfield>
    <subfield code="a">148717</subfield>
  </datafield>
  <datafield tag="037" ind1=" " ind2=" ">
    <subfield code="a">ART-2026-148717</subfield>
  </datafield>
  <datafield tag="041" ind1=" " ind2=" ">
    <subfield code="a">eng</subfield>
  </datafield>
  <datafield tag="100" ind1=" " ind2=" ">
    <subfield code="a">Tarifa, Luis</subfield>
  </datafield>
  <datafield tag="245" ind1=" " ind2=" ">
    <subfield code="a">Cooperative anion activation at a cobalt center through ion pairing and ligand design</subfield>
  </datafield>
  <datafield tag="260" ind1=" " ind2=" ">
    <subfield code="c">2026</subfield>
  </datafield>
  <datafield tag="520" ind1="3" ind2=" ">
    <subfield code="a">Weakly coordinating anions (WCAs) are commonly used to stabilize highvalent, electrophilic transition-metal complexes, owing to their low nucleophilicity and minimal coordinating ability. Here, we present a cobalt platform
supported by a tris(2-pyridyl)(N-picolyl)imidazolidine ligand (Py4Im) that generates a directional, protic cavity for ion pairing. This environment enables a comparative study of BF4 – and PF6⁻, showing that PF6⁻ undergoes fluoride abstraction under mild conditions, while BF4 – remains unreactive unless assisted by a Lewis base. The PF6⁻ activation yields a well-defined CoIII–F complex that acts as an efficient nucleophilic fluoride source. DFT calculations and diffusion NMR experiments highlight the critical role of anion-cation pairing in modulating reactivity, overriding intrinsic thermodynamic preferences. These findings showcase supramolecular control of WCA activation by a late transition metal and provide new design principles for reactivity modulation via counterion selection.</subfield>
  </datafield>
  <datafield tag="506" ind1="0" ind2=" ">
    <subfield code="a">Access copy available to the general public</subfield>
    <subfield code="f">Unrestricted</subfield>
  </datafield>
  <datafield tag="536" ind1=" " ind2=" ">
    <subfield code="9">info:eu-repo/grantAgreement/ES/AEI/PID2020-119512GB-I00</subfield>
    <subfield code="9">info:eu-repo/grantAgreement/ES/AEI/PID2023-148472NB-I00</subfield>
    <subfield code="9">info:eu-repo/grantAgreement/ES/DGA/E50-23R</subfield>
    <subfield code="9">info:eu-repo/grantAgreement/ES/MCIN/RYC2021- 033807-I</subfield>
    <subfield code="9">info:eu-repo/grantAgreement/ES/MICINN/RED2022-134074-T</subfield>
  </datafield>
  <datafield tag="540" ind1=" " ind2=" ">
    <subfield code="9">info:eu-repo/semantics/openAccess</subfield>
    <subfield code="a">by-nc-nd</subfield>
    <subfield code="u">https://creativecommons.org/licenses/by-nc-nd/4.0/deed.es</subfield>
  </datafield>
  <datafield tag="655" ind1=" " ind2="4">
    <subfield code="a">info:eu-repo/semantics/article</subfield>
    <subfield code="v">info:eu-repo/semantics/publishedVersion</subfield>
  </datafield>
  <datafield tag="700" ind1=" " ind2=" ">
    <subfield code="a">Cano-Asensio, Judit</subfield>
  </datafield>
  <datafield tag="700" ind1=" " ind2=" ">
    <subfield code="a">López, José A.</subfield>
    <subfield code="0">(orcid)0000-0003-4500-1974</subfield>
  </datafield>
  <datafield tag="700" ind1=" " ind2=" ">
    <subfield code="a">Tejel, Cristina</subfield>
    <subfield code="0">(orcid)0000-0003-3306-0635</subfield>
  </datafield>
  <datafield tag="700" ind1=" " ind2=" ">
    <subfield code="a">Geer, Ana M.</subfield>
    <subfield code="0">(orcid)0000-0003-1115-6759</subfield>
  </datafield>
  <datafield tag="773" ind1=" " ind2=" ">
    <subfield code="g">17, 1 (2026), 2469 [11 pp.]</subfield>
    <subfield code="t">Nature communications</subfield>
    <subfield code="x">2041-1723</subfield>
  </datafield>
  <datafield tag="856" ind1="4" ind2=" ">
    <subfield code="s">2170615</subfield>
    <subfield code="u">http://zaguan.unizar.es/record/170234/files/texto_completo.pdf</subfield>
    <subfield code="y">Versión publicada</subfield>
  </datafield>
  <datafield tag="856" ind1="4" ind2=" ">
    <subfield code="s">2795828</subfield>
    <subfield code="u">http://zaguan.unizar.es/record/170234/files/texto_completo.jpg?subformat=icon</subfield>
    <subfield code="x">icon</subfield>
    <subfield code="y">Versión publicada</subfield>
  </datafield>
  <datafield tag="909" ind1="C" ind2="O">
    <subfield code="o">oai:zaguan.unizar.es:170234</subfield>
    <subfield code="p">articulos</subfield>
    <subfield code="p">driver</subfield>
  </datafield>
  <datafield tag="951" ind1=" " ind2=" ">
    <subfield code="a">2026-03-26-14:32:15</subfield>
  </datafield>
  <datafield tag="980" ind1=" " ind2=" ">
    <subfield code="a">ARTICLE</subfield>
  </datafield>
</record>
</collection>